|
|
|
|
| LEADER |
00000cam a2200000 7i4500 |
| 001 |
0000003627 |
| 005 |
20080115.0 |
| 090 |
0 |
0 |
|a JPSM634.9562
|b PAN
|
| 110 |
1 |
0 |
|a Jabatan Perhutanan Semenanjung Malaysia
|
| 245 |
1 |
0 |
|a Panduan mengenal anak benih spesies hutan di tapak semaian
|
| 260 |
0 |
0 |
|a Kuala Lumpur :
|b Jabatan Perhutanan Semenanjung Malaysia ,
|c 2005
|
| 300 |
|
|
|a x, 106p. :
|b col. ill. ;
|c 21 cm.
|
| 650 |
0 |
0 |
|a Forest nurseries
|z Peninsular Malaysia
|x Handbooks, manuals, etc.
|
| 650 |
0 |
0 |
|a Forests and forestry
|z Peninsular Malaysia
|
| 710 |
2 |
1 |
|a Forestry Deparment Peninsular Malaysia
|
| 998 |
|
|
|a JPSM
|
| 999 |
|
|
|a 0000006961
|b Monograph
|c Open Shelf
|e Default branch
|
| 999 |
|
|
|a 0000006962
|b Monograph
|c Open Shelf
|e Default branch
|
| 999 |
|
|
|a 0000006963
|b Monograph
|c Open Shelf
|e Default branch
|
| 999 |
|
|
|a 0000006964
|b Monograph
|c Open Shelf
|e Default branch
|
| 999 |
|
|
|a 0000006965
|b Monograph
|c Open Shelf
|e Default branch
|